00620nam a2200169 i 4500001000700000003000900007007000300016008004100019245019700060250001200257260004300269300003500312700001900347700002800366700002500394852003100419146268ES-MaACLt|070906s1947 sp ||||1| spa d00aTratado de Pediatría / cpor Ph. Bamberger, R. Degkwitz, E. Glanzmann [et. al] ; traducción de la tercera edicción alemana por los Doctores F. Sánchez-Saráchaga y Francisco Piñero. a2ª ed. aBarcelona, etc : bLabor S.A., c1947. aXVI, 867 p. : bil. ; c25 cm.1 aBamberger, Ph.1 aSánchez Sarachaga, F.1 aPiñero, Francisco. aES-MaACLjE-2343 bR.25236